Most Famous People by First Name #4 - Statistics

General Stats
  • This quiz has been taken 203 times
  • The average score is 12 of 60
Answer Stats
Answer % Correct
Curie
79%
Thatcher
67%
Federer
60%
Clinton
59%
Blair
54%
Hitchcock
53%
II
46%
Gates
43%
Antoinette
42%
Smith
38%
Swayze
37%
Jackson
36%
Matisse
35%
the Great
35%
Nobel
32%
Sandler
32%
Hathaway
30%
Frank
29%
Moore
29%
Franco
28%
Turing
28%
Johnson
26%
Bolívar
24%
Kafka
22%
May
20%
Garfield
19%
Murray
17%
Atwood
16%
Goya
16%
Balotelli
15%
Pizarro
15%
Ferguson
14%
Rickman
13%
Curtis
10%
Liszt
10%
of Great Britain
10%
Schubert
10%
Almodóvar
8%
Mitchell
8%
Pegg
7%
Sánchez
7%
Draghi
6%
White
5%
Ebert
4%
Shearer
4%
Becquerel
2%
Röntgen
2%
Bergson
1%
Louise
1%
Song
1%
the Zealot
1%
Abbott
0%
Álvares Cabral
0%
Josephson
0%
Mickiewicz
0%
Modiano
0%
Oxlade-Chamberlain
0%
Schmidt
0%
Vargas Llosa
0%
Wien
0%
No matching quizzes found
Score Distribution
Percent of People with Each Score
Percentile by Number Answered
Your Score History
You have not taken this quiz